Postavení zemí ESVO v zahraničním obchodě ČSFR.

Komentár prvého námestníka ministra zahraničného obchodu k dohode o voľnom obchode medzi ČSFR a štátmi EZVO zo dna 20.3.1992. História vzájomných obchodných vzťahov, vrátane konkrétnych číselných údajov. Význam dohody a perspektívy budúcej spolupráce. Perspektíva spojenia EZVO s ES a jej možné dôsle...

Descrizione completa

Salvato in:
Dettagli Bibliografici
Autore principale: Brabec, J.
Natura: Capitolo di libro
Lingua:ceco
Soggetti:
Tags: Aggiungi Tag
Nessun Tag, puoi essere il primo ad aggiungerne!!

MARC

LEADER 00000naa a2200000 4500
001 r007883
005 20220831085244.4
041 0 |a cze 
044 |a [CS] 
245 1 0 |a Postavení zemí ESVO v zahraničním obchodě ČSFR.  |c J. Brabec 
520 |a Komentár prvého námestníka ministra zahraničného obchodu k dohode o voľnom obchode medzi ČSFR a štátmi EZVO zo dna 20.3.1992. História vzájomných obchodných vzťahov, vrátane konkrétnych číselných údajov. Význam dohody a perspektívy budúcej spolupráce. Perspektíva spojenia EZVO s ES a jej možné dôsledky. 
610 2 0 |a obchod zahraničný 
610 2 0 |a ČSFR 
610 2 0 |a EZVO 
610 2 0 |a obchod voľný 
610 2 0 |a dohody obchodné medzinárodné 
610 2 0 |a Európske spoločenstvá 
610 2 0 |a 1992 
100 1 |a Brabec, J.